000 00442nam a2200181Ia 4500
008 230524s9999 xx 000 0 und d
020 _a9780070667136
082 _a658.45
_bHIR
100 _aMark Hirschey
245 0 _aInvestments Analysis And Behaviour
250 _aIST
260 _aNEW DELHI
_bMGH
_c2008
300 _aXXV;631
500 _aQuantity Number: 2
650 _aManagement
700 _a John Nofsinger
942 _cBK
999 _c43242
_d43242